00796nam a2200217 a 4500003000700000005001700007008004100024040002500065050001500090100002800105245014200133260002600275300003000301336002800331337003000359338002700389700002400416942001300440999001700453952010800470CBULib20260527091910.0120416s1983 ||||||||||||||||| || u bEnglishcCBULiberda aRA 967 App aKleczkowski, B. M9558510aApproaches to planning and design of health care facilities in developing areas. Volume 4c/ edited by B. M. Kleczkowski and R. Pibouleau aGeneva :bWHO, c1983 a322 pages : illustrations 2rdacontentaText |btxt 2rdamediaaUnmediated |bn 2rdacarrieraVolumebnc aPibouleau, R.95586 2lccc002 c34656d34656 00102lcc40708MCa001b001cGENd2022-11-30i726564oRA 967 Appp018333r2022-11-30w2022-11-30y002